<?xml version="1.0" encoding="UTF-8"?>
<record
    xmlns:xsi="http://www.w3.org/2001/XMLSchema-instance"
    xsi:schemaLocation="http://www.loc.gov/MARC21/slim http://www.loc.gov/standards/marcxml/schema/MARC21slim.xsd"
    xmlns="http://www.loc.gov/MARC21/slim">

  <leader>00871nam a2200217   4500</leader>
  <controlfield tag="001">121184</controlfield>
  <controlfield tag="003">ES-MaACL</controlfield>
  <controlfield tag="005">20230906191715.0</controlfield>
  <controlfield tag="007">t|</controlfield>
  <controlfield tag="008">070214s1984    fr      r    ||||1| fre d</controlfield>
  <datafield tag="245" ind1="0" ind2="0">
    <subfield code="a">Preuve et raisons &#xE1;a l'Universit&#xE9; de Paris </subfield>
    <subfield code="b">: logique, ontologie et th&#xE9;logie au XIVe si&#xE8;cle : actes de la table ronde internacionale organis&#xE9;e par le Laboratoire associ&#xE9; au C. N. R. S. n&#xBA; 152 du 5 au 7 novembre 1981 /</subfield>
    <subfield code="c">edit&#xE9;s par Z&#xE9;non Kaluza et Paul Vignaux.</subfield>
  </datafield>
  <datafield tag="260" ind1=" " ind2=" ">
    <subfield code="a">Paris : </subfield>
    <subfield code="b">J. Vrin, </subfield>
    <subfield code="c">1984.</subfield>
  </datafield>
  <datafield tag="300" ind1=" " ind2=" ">
    <subfield code="a">310 p. ; </subfield>
    <subfield code="c">25 cm.</subfield>
  </datafield>
  <datafield tag="490" ind1="1" ind2=" ">
    <subfield code="a">Etudes de philosophie m&#xE9;di&#xE9;vale</subfield>
  </datafield>
  <datafield tag="700" ind1="1" ind2=" ">
    <subfield code="a">Kaluza, Z&#xE9;non.</subfield>
    <subfield code="9">67464</subfield>
  </datafield>
  <datafield tag="700" ind1="1" ind2=" ">
    <subfield code="a">Vignaux, Paul.</subfield>
    <subfield code="9">114645</subfield>
  </datafield>
  <datafield tag="710" ind1="2" ind2=" ">
    <subfield code="a">Centre d'&#xE9;tudes des religions du Livre.</subfield>
    <subfield code="9">2543</subfield>
  </datafield>
  <datafield tag="830" ind1="0" ind2=" ">
    <subfield code="a">Etudes de philosophie m&#xE9;di&#xE9;vale</subfield>
    <subfield code="9">183352</subfield>
  </datafield>
  <datafield tag="852" ind1=" " ind2=" ">
    <subfield code="a">ES-MaACL</subfield>
    <subfield code="j">L-11859</subfield>
  </datafield>
  <datafield tag="999" ind1=" " ind2=" ">
    <subfield code="c">121184</subfield>
    <subfield code="d">121184</subfield>
  </datafield>
  <datafield tag="952" ind1=" " ind2=" ">
    <subfield code="0">0</subfield>
    <subfield code="1">0</subfield>
    <subfield code="4">0</subfield>
    <subfield code="7">0</subfield>
    <subfield code="a">ATENEOM</subfield>
    <subfield code="b">ATENEOM</subfield>
    <subfield code="c">DEPO2</subfield>
    <subfield code="d">2008-01-17</subfield>
    <subfield code="e">SC</subfield>
    <subfield code="l">0</subfield>
    <subfield code="o">L-11859</subfield>
    <subfield code="p">1126298</subfield>
    <subfield code="r">2023-02-23 00:00:00</subfield>
    <subfield code="w">2023-02-23</subfield>
    <subfield code="y">MONOGRAFIA</subfield>
  </datafield>
</record>
